| 000 | 01216nam a22002897a 4500 | ||
|---|---|---|---|
| 001 | 4768 | ||
| 003 | FISKH | ||
| 005 | 20241009161238.0 | ||
| 008 | 241009b cb ||||| |||| 00| 0 eng d | ||
| 020 | _a9780746060469 | ||
| 040 |
_aFISKH _beng _cFISKH _dFISKH |
||
| 050 | _aPZ7.A514 | ||
| 082 | _a823.92 | ||
| 100 | _aAmery, Heather | ||
| 245 |
_aPig gets stuck / _cHeather Amery Illustrated by Stephen Cartwright Language consultants : Betty Root Series editor : Jenny Tyler |
||
| 250 | _aThis edition first published in 2004 | ||
| 260 |
_aLondon : _bUsborne Farmyard, _c2004. |
||
| 300 |
_a15 pages : _bColor illustrations ; _c21 cm |
||
| 505 | _aJ | ||
| 520 | _aCurly the pig is stuck: will Mrs Boot be able to get him out? A well-loved story set on Apple Tree Farm featuring Mrs Boot the farmer, her children Poppy and Sam, and a menagerie of friendly animals including Curly the pig, Woolly the sheep and Rusty the dog. See if you can spot the Usborne Little Yellow Duck who is hiding on each page! | ||
| 521 | 8 |
_a460L
_bLexile |
|
| 521 | 8 |
_aJ
_bRaz-Plus |
|
| 650 |
_2Farm animals _aPigs |
||
| 650 |
_2Easy reader _aBreakfast |
||
| 700 |
_aCartwright, Stephen _dIllustrator |
||
| 942 |
_2ddc _cBK _n0 |
||
| 999 |
_c4768 _d4768 |
||